000 00588nam a22002297a 4500
008 130514b xxu||||| |||| 00| 0 eng d
020 _a0-07-118849-5
024 _cavailable
037 _cavailable
082 _222
_a808.0427 LAE
100 _aLangan, John
245 _aEnglish Skills
250 _a7th edition
260 _aNew York
_bMcgraw Hill
_c2001
300 _a18 cm
_b640 page
_f6
_g18 cm
600 _aEnglish Language
700 _aLangan,John
270 _aNew York
_bNew York
_dUSA
365 _b277.00
_d277.00
942 _2ddc
_cBK
999 _c378
_d378